Culture Générale - Série 39 - Statistiques

Statistiques générales
  • Ce quiz a été pris 1 895 fois
    1 882 depuis la dernière actualisation
  • Le résultat moyen est 7 sur 10
Statistiques - réponses
Question Réponse % Correct
Combien de pays sont riverains avec la Suisse ? 5
97%
Quel est le plus grand pays d’Amérique du Sud ? Brésil
96%
Dans quel océan se trouve le triangle des Bermudes ? Atlantique
95%
Quel est le plus long fleuve mondial ? Nil
83%
Ce grand lac se trouve à la frontière du Pérou et de la Bolivie Titicaca
63%
Dans quel massif montagneux français se trouve le col du Bonhomme ? Vosges
62%
Dans quel pays se trouve le lac Majeur ? Italie
50%
C'est la capitale du Costa Rica San José
44%
Quel est le plus grand département français en superficie hors Guyane ? Gironde
43%
Dans quel état des Etats Unis se trouve le mont McKinley, rebaptisé Denali ? Alaska
27%
Aucun quiz correspondant
Distribution des résultats
% des personnes avec chaque résultat
Percentile par nombre de réponses
Votre historique - résultats
Vous n’avez pas pris ce quiz depuis la dernière actualisation